A propósito del ALCA /
Guardado en:
| Hovedforfatter: | |
|---|---|
| Institution som forfatter: | |
| Andre forfattere: | |
| Format: | Texto |
| Udgivet: |
San José:
ALOP
|
| Fag: | |
| Tags: |
Tilføj Tag
Ingen Tags, Vær først til at tagge denne postø!
|
MARC
| LEADER | 00000 a a2200000 04500 | ||
|---|---|---|---|
| 001 | 34472 | ||
| 003 | |||
| 040 | |||
| 020 | |a 9968-930-00-8 | ||
| 090 | |a 0001 A837a | ||
| 100 | |a Ballón Echegaray, Eduardo | ||
| 110 | |a ALOP | ||
| 245 | |a A propósito del ALCA / |c Eduardo Ballón Echegaray | ||
| 260 | |a San José: |b ALOP | ||
| 300 | |a 175 p. | ||
| 650 | |a INTEGRACION ECONOMICA | ||
| 650 | |a ACUERDOS INTERNACIONALES | ||
| 650 | |a MERCOSUR | ||
| 650 | |a AMERICA DEL SUR | ||
| 700 | |a Mello, Fátima |a Alemny, Cecilia |a Acosta, alberto |a Campolina, Adriano |a Souza, Raquel |a Espino, Alma |a Catañeda Bustamante, Norma | ||
| 999 | |c 10350 |d 10350 | ||



